| 000 | 00688cam a2200253 4500500 | ||
|---|---|---|---|
| 005 | 20260405003816.0 | ||
| 041 | _afre | ||
| 042 | _adc | ||
| 100 | 1 | 0 |
_aEltchaninoff, Michel _eauthor |
| 245 | 0 | 0 | _aLes maux pour le dire |
| 260 | _c2023. | ||
| 500 | _a43 | ||
| 690 | _aAmi | ||
| 690 | _aBonté | ||
| 690 | _aCarl Schmitt | ||
| 690 | _aEnnemi | ||
| 690 | _aMal | ||
| 690 | _aMéchanceté | ||
| 690 | _aMichel Eltchaninoff | ||
| 690 | _aMorale | ||
| 690 | _aPolitique | ||
| 786 | 0 | _nPhilosophie magazine | 175 | 12 | 2023-12-01 | p. 23-23 | 1951-1787 | |
| 856 | 4 | 1 | _uhttps://shs.cairn.info/magazine-philosophie-magazine-2023-12-1-page-23?lang=fr&redirect-ssocas=7080 |
| 999 |
_c2071026 _d2071026 |
||